000 00788nam a22001931 4500
001 22964
003 CZ PrNK
005 20260513081845.0
008 020307s1991 xo slo
020 _a8071180262
040 _aABA001
_bcze
_cABA001
_dABA001
041 1 _aslo
_hger
100 1 _aTreben, Maria,
_d1907-1991
_4aut
245 1 0 _aLiečebné úspechy Marie Trebenovej :
_bListy a správy o liečebných úspechoch podľa bylinkárskej knižky Zdravie z Božej lekárne /
_cZ nem. orig. Maria Treben's Heilerfolge - Briefe und Berichte von Heilerfolgen mit dem Kräuterbuch Gesundheit aus der Apotheke Gottes prel. Katarína Hatalová ; Barev. il. Robert Schöller
260 _aBratislava :
_bIkar,
_c1991
300 _a93 s. ;
_c
910 _aABA001
942 _2ddc
_cOLDO
_n0
999 _c22964
_d22964